| 000 | 01449nam a22003015i 4500 | ||
|---|---|---|---|
| 001 | 162549 | ||
| 003 | ES-MaACL | ||
| 005 | 20251002201743.0 | ||
| 008 | 991221m18471850sp |||| | spa d | ||
| 080 | _a929 Cortés, Hernán | ||
| 080 | _a930.85(=822.21) | ||
| 080 | _a94(72)"1517/21" | ||
| 100 | 1 |
_aPrescott, William Hickling, _d1796-1859 _9131353 |
|
| 245 | 1 | 0 |
_aHistoria de la conquista de Méjico : _bcon una reseña preliminar de la civilización antigua mejicana y la vida del conquistador Hernán Cortés / _cescrita en inglés por William Prescott ; y traducida del original por J.B. de Beratarrechea. |
| 260 |
_aMadrid : _b[s.n.], _c1847-1850 ( _fImp. de la Publicidad, a cargo de M. Rivadeneyra) |
||
| 300 |
_a4 v. ; _c22 cm. |
||
| 530 | _aDisponible en formato digital. | ||
| 596 | _aVol. 4: Imprenta de D. B. González. | ||
| 596 | _aEn antep. de v. 1 a 3: Edición de la Revista de España, de Indias y del Extranjero | ||
| 597 | _aV. 1 (XV, 335 p.) - v. 2 (347 p.) - v. 3 (347 p.) - v. 4. (262 p.) | ||
| 600 | 1 | 4 |
_aCortés, Hernán, _d1485-1547- _xBiografías _940854 |
| 650 | 4 |
_aAztecas. _910469 |
|
| 651 | 4 |
_aMéxico- _xHistoria- _y1517-1521, Descubrimiento y conquista. _9136484 |
|
| 700 | 1 |
_aBeratarrechea, J. B. de. _9125923 |
|
| 852 | 4 |
_aES-MaACL _jC-662-65 _z- Enc. hol. |
|
| 856 | 4 |
_uhttp://bdh-rd.bne.es/viewer.vm?id=0000037922&page=1 _zBiblioteca Digital Hispánica |
|
| 999 |
_c162549 _d162549 |
||